MARC

LEADER 00000cam a2200000 7i4500
001 0000002012
002 000002195
005 20000330.0
020 |a 1560243198 
090 0 0 |a 618.928914   |b SEV 
245 1 0 |a Severely disturbed youngsters and the parental alliance   |c edited by Jacquelyn Seevak Sanders,BarryL. Childress 
260 |a New York :   |b The Haworth Press ,   |c 1992 
300 |a 100p. ;   |c 22cm. 
490 0 |a Has also been published as residential treatment for children & youth, volume 9, number 4, 1992 
650 0 0 |a Adolescent psychotherapy   |x Congresses 
650 0 0 |a Child psychotherapy   |x Congresses 
650 0 0 |a Countertransference(Psychology)   |x Congresses 
650 0 0 |a Mentally ill children   |x Family relationships   |x Congresses 
700 1 |a Sanders, Jacquelyn Seevak 
999 |a 033761   |b BUKU   |c PINJAMAN   |e PERPUSTAKAAN KOMUNITI PETALING JAYA